|
|
|
|
| LEADER |
00000nas a22000007a 4500 |
| 005 |
20110909130543.0 |
| 008 |
110909c2007 rm an|p|s|||| 00| a1eng d |
| 022 |
|
|
|a 2067-7677
|
| 035 |
|
|
|a 5675
|
| 040 |
|
|
|a vLex
|
| 090 |
|
|
|c 2409
|d 2409
|
| 245 |
0 |
0 |
|a Agora International Journal of Juridical Sciences
|h [Recurso electrn̤ico]
|
| 256 |
|
|
|a Servicio en ln̕ea.
|
| 260 |
|
|
|a [Romania] :
|b Agora University Editing House,
|c 2007 -
|
| 300 |
|
|
|a 1 recurso electrn̤ico
|
| 310 |
|
|
|a Anual
|
| 362 |
|
|
|a Nm︢. 1 (2007) -
|
| 500 |
|
|
|a AGORA International Journal of Juridical Sciences (AGORA IJJS) is published yearly in 2007, 2008 and 2009, beginning with 2010 it is published twice a year; it includes studies that are structured on the following scientific fields: - Private Law - Public Law - Criminal sciences and Criminalistics - Juridical Sociology - Juridical Psychology - Juridical informatics.
|
| 506 |
1 |
|
|a Contenido solo disponible en los productos indicados
|d vLex Global
|d vLex Global (Academic Edition, excluding Law Schools)
|d vLex Global (U.S. Academic Edition, Law Schools)
|d vLex Global (U.S. Academic Edition, excluding Law Schools)
|d vLex Global (Academic Edition, Law Schools)
|
| 650 |
0 |
4 |
|a Derecho
|z Rumania
|
| 740 |
0 |
|
|a vLex Revistas (Servicio en ln̕ea)
|
| 856 |
4 |
0 |
|u http://vlex.com/source/agora-international-journal-juridical-sciences-5675
|z Acceso restringido
|
| 942 |
|
|
|c REV
|